Municípios de Sergipe em um Mapa - Statistics

Estatísticas Gerais
  • Esse quiz foi jogado 2 824 vezes
  • A pontuação média é 36 de 75
Respostas no mapa
Respostas codificadas por cores de uma escala verde-vermelha no mapa do quiz de acordo com a % correta abaixo.
 
Estatísticas das Respostas
Município % Correto
Aracaju
98%
Itabaiana
80%
Lagarto
79%
Estância
71%
Nossa Senhora do Socorro
71%
São Cristóvão
71%
Itabaianinha
67%
Barra dos Coqueiros
65%
Nossa Senhora da Glória
64%
Propriá
62%
Canindé de São Francisco
59%
Poço Redondo
59%
Tobias Barreto
59%
Laranjeiras
58%
Nossa Senhora das Dores
57%
Areia Branca
54%
Simão Dias
54%
Capela
53%
Itaporanga d'Ajuda
53%
Pirambu
53%
Poço Verde
53%
Carmópolis
52%
Porto da Folha
52%
Carira
51%
Boquim
50%
Aquidabã
49%
Cristinápolis
49%
Neópolis
49%
Maruim
48%
Riachuelo
47%
Umbaúba
47%
Japaratuba
46%
Ribeirópolis
46%
Salgado
46%
Ilha das Flores
45%
Indiaroba
45%
Itabi
45%
Nossa Senhora Aparecida
45%
Telha
45%
Arauá
44%
Frei Paulo
44%
São Francisco
44%
Brejo Grande
43%
Gararu
43%
Pedrinhas
43%
Malhador
42%
Nossa Senhora de Lourdes
42%
Pacatuba
42%
Rosário do Catete
42%
Siriri
42%
Campo do Brito
41%
Malhada dos Bois
41%
Moita Bonita
41%
Monte Alegre de Sergipe
41%
Riachão do Dantas
41%
Divina Pastora
40%
Cumbe
39%
Cedro de São João
38%
Feira Nova
38%
General Maynard
38%
Japoatã
38%
Muribeca
38%
Pinhão
38%
São Domingos
38%
Tomar do Geru
38%
Amparo de São Francisco
37%
Canhoba
37%
Macambira
37%
Graccho Cardoso
36%
Pedra Mole
36%
Santo Amaro das Brotas
35%
Santana do São Francisco
33%
São Miguel do Aleixo
33%
Santa Rosa de Lima
32%
Santa Luzia do Itanhi
31%
Nenhum quiz correspondente encontrado
Distribuição das Pontuações
Porcentagem de Pessoas com Cada Pontuação
Percentil de Números Respondidos
Sua Pontuação Histórica
Você não jogou esse quiz